Harry Potter - 28 familles sang pur - Statistiques

Statistiques générales
  • Ce quiz a été pris 1 601 fois
  • Le résultat moyen est 8 sur 28
Statistiques - réponses
Réponse % Correct
Malefoy
92%
Weasley
92%
Black
86%
Lestrange
69%
Londubat
57%
Gaunt
40%
Parkinson
40%
Nott
27%
Abbot
26%
Carrow
23%
Croupton
22%
Prewett
22%
Greengrass
20%
Yaxley
20%
Rosier
19%
Avery
16%
Bullstrode
15%
Macmillan
14%
Flint
12%
Slughorn
12%
Ollivander
11%
Beurk
10%
Rowle
9%
Travers
9%
Shacklebolt
8%
Selwyn
7%
Fawley
5%
Shafiq
4%
Aucun quiz correspondant
Distribution des résultats
% des personnes avec chaque résultat
Percentile par nombre de réponses
Votre historique - résultats
Vous n’avez pas pris ce quiz